Polskie odpowiedniki amerykańskich organizacji rządowych - Statystyki

Ogólne statystyki
  • Ten quiz został rozwiązany 326 razy
  • Średni wynik to 4 z 10
Statystyki odpowiedzi
Hint Odpowiedź % Poprawnych
FBI CBŚ, CBA
76%
CIA Agencja Wywiadu
67%
NASA POLSA
47%
USPS Poczta Polska
45%
DOJ Ministerstwo Sprawiedliwości
31%
IRS Urząd Skarbowy
29%
FDA GIS
17%
SSA ZUS
17%
TSA ITD
16%
FCC UKE
14%
Nie znaleziono quizów pasujących do podanych kryteriów
Rozkład punktacji
Procent ludzi z każdym wynikiem
Percentyl według liczby udzielonych odpowiedzi
Twoja historia wyników
Nie rozwiązałeś tego quizu